00701nam a2200193Ia 4500003000900000008004100009020001800050040001600068080001600084100002300100245012200123260003200245300001400277650002900291650002900320942000700349999001700356952013400373IN-BaIIA211028s9999 xx 000 0 eng d a0-07-005141-0 cIIA Library a681.31bBAK aBaker, R. H920357 0aNetwork securitybintegrating Unix, DOS, Windows and MaccR. H Baker  aNew YorkbMcGraw-Hillc1995 axx, 456p. aComputer networks914177 aComputer security920358 cBK c11750d11750 00104070aBANbBANcGENd1996-05-06eWP g1075.20l0o681.31/ BAKp12665r2021-11-05v1075.20w1996-05-06yBKGRs. 1075.20